ბათუმის შოთა რუსთაველის სახელმწიფო უნივერსიტეტის ბიბლიოთეკა

გზაზე : [რომანი] (ბიბ.ჩანაწერი № 51542)

000 -LEADER
fixed length control field 00941nam a2200253Ia 4500
001 - CONTROL NUMBER
control field 18533
003 - CONTROL NUMBER IDENTIFIER
control field GE_BSU
008 - FIXED-LENGTH DATA ELEMENTS--GENERAL INFORMATION
fixed length control field 181216s||||||||xx |||||||||||||| ||und||
020 ## - INTERNATIONAL STANDARD BOOK NUMBER
International Standard Book Number ISBN 978-9941-11-379-6
040 ## - CATALOGING SOURCE
Transcribing agency GE_BSU
080 ## - UNIVERSAL DECIMAL CLASSIFICATION NUMBER
Universal Decimal Classification number 821.111(73)-31
100 ## - MAIN ENTRY--PERSONAL NAME
Personal name კერუაკი, ჯეკ
245 ## - TITLE STATEMENT
Title გზაზე : [რომანი]
245 ## - TITLE STATEMENT
Statement of responsibility, etc. მთარგმნ. თამარ ჭილაძე ; რედ. ანა ჭაბაშვილი.
260 ## - PUBLICATION, DISTRIBUTION, ETC.
Place of publication, distribution, etc. თბილისი
260 ## - PUBLICATION, DISTRIBUTION, ETC.
Name of publisher, distributor, etc. დიოგენე
260 ## - PUBLICATION, DISTRIBUTION, ETC.
Date of publication, distribution, etc. 2012
300 ## - PHYSICAL DESCRIPTION
Extent 488 გვ,19 სმ.
653 ## - INDEX TERM--UNCONTROLLED
Uncontrolled term [რომანი]
653 ## - INDEX TERM--UNCONTROLLED
Uncontrolled term გზაზე
653 ## - INDEX TERM--UNCONTROLLED
Uncontrolled term დღეს მეოცე საუკუნის ასი საუკეთესო ინგლისურენოვანი რომანის სიაშია შეტანილი.
942 ## - ADDED ENTRY ELEMENTS (KOHA)
Koha item type წიგნი
ეგზემპლარები
Withdrawn status Lost status Damaged status Not for loan Date acquired Barcode Date last seen Price effective from Koha item type
        2018-12-17 47936 2018-12-17 2018-12-17 წიგნი